STUDY ON CIDSE'S SVAY RIENG INTEGRATED COMMMUNITY DEVERLOPMENT PROGRAME,(ការអនុវឌ្ឍន៍សហគមន៍ចំរុះបស់ស៊ីដសេ-ស្វាយរាង). (Record no. 601)

000 -LEADER
fixed length control field 00520nam a22001457a 4500
003 - CONTROL NUMBER IDENTIFIER
control field OSt
005 - DATE AND TIME OF LATEST TRANSACTION
control field 20150916173406.0
008 - FIXED-LENGTH DATA ELEMENTS--GENERAL INFORMATION
fixed length control field 150916b xxu||||| |||| 00| 0 eng d
040 ## - CATALOGING SOURCE
Transcribing agency RUA
082 ## - DEWEY DECIMAL CLASSIFICATION NUMBER
Classification number AGR NOP 1999 BOO25 Or.1
100 ## - MAIN ENTRY--PERSONAL NAME
9 (RLIN) 627
Personal name NOP, THUNVUTH
245 ## - TITLE STATEMENT
Title STUDY ON CIDSE'S SVAY RIENG INTEGRATED COMMMUNITY DEVERLOPMENT PROGRAME,(ការអនុវឌ្ឍន៍សហគមន៍ចំរុះបស់ស៊ីដសេ-ស្វាយរាង).
260 ## - PUBLICATION, DISTRIBUTION, ETC. (IMPRINT)
Place of publication, distribution, etc. PHNOM PHEN
Name of publisher, distributor, etc. RUA
Date of publication, distribution, etc. 1999
942 ## - ADDED ENTRY ELEMENTS (KOHA)
Source of classification or shelving scheme
Koha item type AGR
Holdings
Price effective from Date last seen Permanent Location Not for loan Date acquired Source of classification or shelving scheme Koha item type Barcode Lost status Damaged status Shelving location Withdrawn status Current Location Full call number
2015-09-162015-09-16Library Block B 2015-09-16 AGRrua003218  B025 Library Block BAGR NOP 1999 BOO25 Or.1
មជ្ឈមណ្ឌលឯការនៃសាកលវិទ្យាល័យភូមិន្ទកសិកម្មចំការដូង

Powered by Koha